The digital gaming handbook / (Record no. 30971)
[ view plain ]
| 000 -LEADER | |
|---|---|
| fixed length control field | 03535cam a22003498i 4500 |
| 001 - CONTROL NUMBER | |
| control field | 21490745 |
| 003 - CONTROL NUMBER IDENTIFIER | |
| control field | EG-ScBUE |
| 005 - DATE AND TIME OF LATEST TRANSACTION | |
| control field | 20250512111321.0 |
| 008 - FIXED-LENGTH DATA ELEMENTS--GENERAL INFORMATION | |
| fixed length control field | 200330s2020 flu f b 001 0 eng d |
| 020 ## - INTERNATIONAL STANDARD BOOK NUMBER | |
| International Standard Book Number | 9780367513764 |
| 040 ## - CATALOGING SOURCE | |
| Original cataloging agency | LBSOR/DLC |
| Language of cataloging | eng |
| Description conventions | rda |
| Transcribing agency | LBSOR |
| Modifying agency | DLC |
| -- | EG-ScBUE |
| 082 04 - DEWEY DECIMAL CLASSIFICATION NUMBER | |
| Classification number | 794.8 |
| Edition number | 22 |
| Item number | DIG |
| 245 04 - TITLE STATEMENT | |
| Title | The digital gaming handbook / |
| Statement of responsibility, etc | edited by Roberto Dillon. |
| 250 ## - EDITION STATEMENT | |
| Edition statement | First edition. |
| 264 #1 - PUBLICATION, DISTRIBUTION, ETC. (IMPRINT) | |
| Place of publication, distribution, etc | Boca Raton : |
| Name of publisher, distributor, etc | CRC Press, |
| Date of publication, distribution, etc | 2020. |
| 300 ## - PHYSICAL DESCRIPTION | |
| Extent | xvii, 407 pages : |
| Other physical details | illustrations ; |
| Dimensions | 24 cm |
| 336 ## - CONTENT TYPE | |
| Content type term | text |
| Content type code | txt |
| Source | rdacontent |
| 337 ## - MEDIA TYPE | |
| Media type term | unmediated |
| Media type code | n |
| Source | rdamedia |
| 338 ## - CARRIER TYPE | |
| Carrier type term | volume |
| Carrier type code | nc |
| Source | rdacarrier |
| 504 ## - BIBLIOGRAPHY, ETC. NOTE | |
| Bibliography, etc | Includes bibliographical references and index. |
| 505 0# - FORMATTED CONTENTS NOTE | |
| Formatted contents note | Analyzing games with the AGE and 6-11 frameworks / Roberto Dillon -- Designing player interdependence to enhance players' social experience in multiplayer games / Katharina Emmerich -- Game accessibility : getting started / Thomas Westin, Ian Hamilton, Barrie Ellis -- Gamification for good : addressing dark patterns in gamified UX design / Ole Goethe -- The social media game : how gamification shapes our social media engagement / Dayana Hristova, Barbara Goebl, Suzana Jovicic, Thomas Slunecko -- Games for health / Andres Adolfo Navarro-Newball -- F2P mobile game design fundamentals / Simon Rozner -- Evergreen game design principles / Roberto Dillon -- Architectural spaces and level design in modern games / Christopher Totten -- Encouraging and rewarding repeat play of storygames / Alex Mitchell -- How we make mobile work : an indie perspective / James Barnard -- The development and UI design of an interactive game map / Tomasz Zawadzki, Slawomir Nikiel, Korneliusz Warszawski, Slawomir Krezel -- Challenges in designing and implementing a vector based 2D animation system / Jiang Jie, Seah Hock Soon, Liew Hong Ze, Chen Quan -- Best practices in pixel art / Cindy Lee -- Making sound decisions in game audio / Gwen Guo -- Making it real / Justing Ng, Andre' Pong -- Player locomotion in virtual reality games / Andrey Krekhov, Katharina Emmerich -- Working everywhere and nowhere : rules for a virtual office / Allan Simonsen -- A short summary of mobile games' history / Simon Rozner -- Retrogaming as a form of digital preservation : a cultural and technological approach / Marco Accordi Rickards, Micaela Romanini, Guglielmo De Gregori -- Diversity in games : how and why? / Alayna Cole. |
| 520 ## - SUMMARY, ETC. | |
| Summary, etc | "Covers state-of-the-art in video and digital game research and development from traditional to emerging elements of gaming across multiple disciplines. Chapters will be presented with applicability across all gaming platforms over a broad range of topics from game content creation through game play at a level accessible for the professional game developer while being deep enough to provide a valuable reference of the state-of-the-art research in this field. Key Selling Points: International experts share their research and experience in game development and design Provided readers with Inside perspectives on the cross-disciplinary aspects of the industry Includes retrospective as well as forward looking examinations of gaming"-- |
| Assigning source | Provided by publisher. |
| 650 #7 - SUBJECT ADDED ENTRY--TOPICAL TERM | |
| Topical term or geographic name as entry element | Video games. |
| Source of heading or term | BUEsh |
| 650 #7 - SUBJECT ADDED ENTRY--TOPICAL TERM | |
| Topical term or geographic name as entry element | Video games |
| General subdivision | Design. |
| Source of heading or term | BUEsh |
| 650 #7 - SUBJECT ADDED ENTRY--TOPICAL TERM | |
| Topical term or geographic name as entry element | Video games |
| General subdivision | Social aspects. |
| Source of heading or term | BUEsh |
| 653 ## - INDEX TERM--UNCONTROLLED | |
| Arrived date list | May2025 |
| Resource For college | Arts and Design |
| 655 ## - INDEX TERM--GENRE/FORM | |
| Form subdivision | Reading book |
| 700 1# - ADDED ENTRY--PERSONAL NAME | |
| Personal name | Dillon, Roberto, |
| Relator term | editor. |
| 906 ## - LOCAL DATA ELEMENT F, LDF (RLIN) | |
| a | 7 |
| b | cbc |
| c | orignew |
| d | 1 |
| e | ecip |
| f | 20 |
| g | y-gencatlg |
| 942 ## - ADDED ENTRY ELEMENTS (KOHA) | |
| Source of classification or shelving scheme | Dewey Decimal Classification |
| Koha item type | Book - Borrowing |
| Withdrawn status | Lost status | Source of classification or shelving scheme | Damaged status | Not for loan | Collection code | Home library | Current library | Shelving location | Date acquired | Source of acquisition | Cost, normal purchase price | Serial Enumeration / chronology | Total Checkouts | Full call number | Barcode | Date last seen | Date checked out | Cost, replacement price | Price effective from | Koha item type |
|---|---|---|---|---|---|---|---|---|---|---|---|---|---|---|---|---|---|---|---|---|
| Dewey Decimal Classification | Baccah | Central Library | Central Library | Second Floor | 12/05/2025 | Purchase | 5499.00 | 39223 | 1 | 794.8 DIG | 000057332 | 15/07/2025 | 29/06/2025 | 6873.75 | 12/05/2025 | Book - Borrowing |